Cómo comienza el crecimiento económico: una teoría general aplicada al japón (Registro nro. 15958)

Detalles MARC
000 -LEADER
fixed length control field 00370 a2200109 4500
001 - CONTROL NUMBER
control field ART_2742
005 - DATE AND TIME OF LATEST TRANSACTION
control field 20260410161710.0
008 - FIXED-LENGTH DATA ELEMENTS--GENERAL INFORMATION
fixed length control field 260409a
100 1# - MAIN ENTRY--PERSONAL NAME
Personal name Hagen, Everett E.
245 10 - TITLE STATEMENT
Title Cómo comienza el crecimiento económico: una teoría general aplicada al japón
773 0# - HOST ITEM ENTRY
Title Desarrollo económico
Related parts - Vol. 2, Nº 2 (jul./sep. 1962)
Record control number REV1174

No hay ítems disponibles.